000 00330nam a2200133Ia 4500
005 20251222143230.0
008 251222s9999||||xx |||||||||||||| ||spa||
082 _a288.85/M86
100 _aMorandé, Pedro
245 0 _aIglesia y Cultura en América Latina
250 _a2a.ed.
264 _bVida y Espiritualidad
942 _cLIB
999 _c14169
_d14169